000
00339nam a2200145Ia 4500
008
210210b1993 xxu||||| |||| 00| 0 eng d
082
_a
536.7 GART
100
_a
GARG (S C) & others.
245
_a
Thermal physics.
260
_a
N D
_b
T M H
_c
1993
300
_a
xvi,396
650
_a
Thermal Physics
690
_a
Heat
906
_a
053536
999
_c
101409
_d
101409